Safety considerations in designing roofs (Record no. 104362)

MARC details
000 -LEADER
fixed length control field 00933cam a2200253 4500
001 - CONTROL NUMBER
control field L130137
008 - FIXED-LENGTH DATA ELEMENTS--GENERAL INFORMATION
fixed length control field 050414n2005 000 0 eng u
020 ## - INTERNATIONAL STANDARD BOOK NUMBER
International Standard Book Number 186081753X
035 ## - SYSTEM CONTROL NUMBER
System control number (Sirsi) u130137
041 ## - LANGUAGE CODE
Language code of text/sound track or separate title eng
050 ## - LIBRARY OF CONGRESS CALL NUMBER
Classification number 690.22
-- 18
100 ## - MAIN ENTRY--PERSONAL NAME
Personal name Saunders, G. K.
245 ## - TITLE STATEMENT
Title Safety considerations in designing roofs
260 ## - PUBLICATION, DISTRIBUTION, ETC.
Place of publication, distribution, etc. Watford
Name of publisher, distributor, etc. BRE
Date of publication, distribution, etc. 2005
300 ## - PHYSICAL DESCRIPTION
Extent 6p.
Dimensions 30cm.
350 ## - PRICE (NR) (BK AM CF MU VM SE) [OBSOLETE]
Price 12
490 ## - SERIES STATEMENT
Series statement BRE Digest
Volume/sequential designation 493
520 ## - SUMMARY, ETC.
Summary, etc. Reports the findings of the Designing Roofs with Safety in Mind Partners in Innovation project sponsored by the Department of Trade and Industry. The digest is intended to enable more effective implementation of the CDM regulations and to result in the construction of safer roofs.
590 ## - LOCAL NOTE (RLIN)
Local note IKA190705
690 ## - LOCAL SUBJECT ADDED ENTRY--TOPICAL TERM (OCLC, RLIN)
Topical term or geographic name as entry element Health and safety
9 (RLIN) 6244
710 ## - ADDED ENTRY--CORPORATE NAME
Corporate name or jurisdiction name as entry element United Kingdom
Subordinate unit Department of Trade and Industry
710 ## - ADDED ENTRY--CORPORATE NAME
Corporate name or jurisdiction name as entry element Building Research Establishment
942 ## - ADDED ENTRY ELEMENTS (KOHA)
Suppress in OPAC 0
Holdings
Withdrawn status Lost status Source of classification or shelving scheme Damaged status Not for loan Home library Current library Shelving location Date acquired Total Checkouts Full call number Barcode Date last seen Copy number Price effective from Koha item type
    Dewey Decimal Classification     London London BRE publications 15/07/2005   ENQUIRY DESK 30067598 06/08/2019 1 06/08/2019 Book